Advanced unsaturated soil mechanics and engineering
Analytical and comprehensive, this state-of-the-art book examines the mechanics and engineering of unsaturated soils, as well as explaining the laboratory and field testing and research that are the logical basis of this modern approach to safe construction in these hazardous geomaterials; putting t...
Guardat en:
| Autor principal: | |
|---|---|
| Format: | Llibre |
| Idioma: | Undetermined |
| Publicat: |
New York
Taylor & Francis
2007
|
| Matèries: | |
| Etiquetes: |
Afegir etiqueta
Sense etiquetes, Sigues el primer a etiquetar aquest registre!
|
| Thư viện lưu trữ: | Trung tâm Học liệu Trường Đại học Cần Thơ |
|---|
| LEADER | 00945nam a2200205Ia 4500 | ||
|---|---|---|---|
| 001 | CTU_134352 | ||
| 008 | 210402s9999 xx 000 0 und d | ||
| 020 | |c 2874000 | ||
| 082 | |a 624.15136 | ||
| 082 | |b Ng576 | ||
| 100 | |a Ng Charles W. W. | ||
| 245 | 0 | |a Advanced unsaturated soil mechanics and engineering | |
| 245 | 0 | |c Charles W. W. Ng, Bruce Menzies | |
| 260 | |a New York | ||
| 260 | |b Taylor & Francis | ||
| 260 | |c 2007 | ||
| 520 | |a Analytical and comprehensive, this state-of-the-art book examines the mechanics and engineering of unsaturated soils, as well as explaining the laboratory and field testing and research that are the logical basis of this modern approach to safe construction in these hazardous geomaterials; putting them into a logical framework for civil engineering and design. | ||
| 650 | |a Soil mechanics,Cơ học đất | ||
| 904 | |i Trọng Hải | ||
| 980 | |a Trung tâm Học liệu Trường Đại học Cần Thơ | ||